Loading...
| Current Events | 1 | 20.00 | 100% | 100% | 0% |
| Fine Arts - Classical Music | 3 | 3.33 | 33% | 0% | 0% |
| Fine Arts - Other Fine Arts | 6 | 8.33 | 50% | 33% | 0% |
| Fine Arts - Painting and Sculpture | 4 | 10.00 | 75% | 25% | 0% |
| Geography | 1 | 20.00 | 100% | 100% | 0% |
| History - American History | 5 | 10.00 | 80% | 20% | 0% |
| History - European History | 6 | 18.33 | 100% | 50% | 33% |
| History - Other History | 3 | 13.33 | 100% | 33% | 0% |
| History - World History | 6 | 11.67 | 100% | 17% | 0% |
| Literature - American Literature | 4 | 5.00 | 50% | 0% | 0% |
| Literature - British Literature | 3 | 6.67 | 67% | 0% | 0% |
| Literature - European Literature | 4 | 10.00 | 50% | 25% | 25% |
| Literature - World Literature | 5 | 10.00 | 80% | 20% | 0% |
| Mythology | 3 | 10.00 | 100% | 0% | 0% |
| Other Academic | 2 | 15.00 | 100% | 50% | 0% |
| Philosophy | 1 | 10.00 | 100% | 0% | 0% |
| Pop Culture | 1 | 10.00 | 100% | 0% | 0% |
| Religion | 3 | 3.33 | 33% | 0% | 0% |
| Science - Biology | 4 | 10.00 | 75% | 25% | 0% |
| Science - Chemistry | 5 | 6.00 | 60% | 0% | 0% |
| Science - Other Science | 5 | 12.00 | 80% | 40% | 0% |
| Science - Physics | 4 | 5.00 | 50% | 0% | 0% |
| Social Science | 4 | 10.00 | 100% | 0% | 0% |